¿Qué país? - Estadísticas

Estadísticas generales
  • Esta prueba ha sido intentada 55 veces
  • La puntuación promedio es 7 de 12
Estadísticas de respuestas
Oración País % Correcto
Un tal Mahatma, nació aquí, luchó por la independencia de aquí y murió aquí. India
94%
Son 4 los países constituyentes de este país. Sus capitales son: Londres, Cardiff, Edimburgo y Belfast. Reino Unido
94%
Se encuentra totalmente en los Pirineos. Andorra
92%
Es de los 10 más grandes (superficie) del mundo y no tiene litoral. Kazajistán
76%
Tiene la capital más fría del mundo. (Fuente en la descripción). Mongolia
73%
Alert, el pueblo más septentrional del mundo, se encuentra aquí. Canadá
71%
Se independizó de Indonesia en 2002. Timor Oriental
71%
Es el único que comienza por la letra en que comienza. (Yibuti se escribe así). Omán
37%
Está en los cuatro hemisferios. Kiribati
35%
Su capital está en la Isla de Bioko. Guinea Ecuatorial
31%
Su única salida a un cuerpo de agua no interno es el Golfo de Aqaba. Jordania
20%
Es el que más balones produce de todo el mundo. Pakistán
20%
No se encontraron pruebas coincidentes
Distribución de puntuación
Porcentaje de gente con cada puntuación
Porcentaje por número respondido
Historial de tus puntuaciones
No has intentado esta prueba.